000
00247nam a2200097Ia 4500
001
817710
005
20250826171739.0
008
250824s9999 xx 000 0 und d
245
0
_a
ALİ GEL VE MACERALARI
_c
ÖZKAN ÖZE
260
_b
KAYALIPARK YAYINLARI
999
_c
817710
_d
817710